| 000 | 00699nam a2200193 i 4500 | ||
|---|---|---|---|
| 001 | 165874 | ||
| 003 | ES-MaACL | ||
| 005 | 20251014063242.0 | ||
| 008 | 050906s1846 be af |||| | fre d | ||
| 100 | 1 |
_aSue, Eugène, _d1804-1857 _9132950 |
|
| 245 | 1 | 0 |
_aJuif errant / _cpar Eugène Süe. |
| 250 | _aÉd. illustrée par Louis Huard [et al.]. | ||
| 260 |
_aBruxelles : _bMeline, Cans et Compagnie, _c1846. |
||
| 300 |
_a3 v. (402; 420; 396 p.) : _bil. y h. de lám. ; _c27 cm. |
||
| 599 | _aNumerosas h. de lám., intercaladas en el texto. | ||
| 700 | 1 |
_aHuard, Louis. _9128055 |
|
| 852 |
_aES-MaACL _jC-1722-24 _z- Enc. hol. _z. - Legado de M. de la Fuente |
||
| 999 |
_c165874 _d165874 |
||